000 00739nam a2200265Ia 4500
003 OSt
005 20221006142647.0
006 a|||||r|||| 00| 0
007 ta
008 221006b |||||||| |||| 00| 0 eng d
020 _cP2.10
024 _a6,871
037 _cTextual
040 _aEASL
_cEASL
_beng
041 _2eng
_aeng
082 _aY:1:12.41obR85:(Q), K7
100 _aDAWSON Raymond
245 0 _aChinese chameleon
_b An analysis of European conceptions of Chinese civilization
260 _aNew York
_bOxford University
_c1967
300 _axvi,235p.
_ccm.
490 _v CEL
650 _aCEL
942 _hY:1:12.41obR85:(Q), K7
_cTEXL
_2CC
999 _c1074957
_d1074957